Chapman Library

Writing talk. (Record no. 413)

000 -LEADER
fixed length control field 00549pam a2200217 a 4500
020 ## - INTERNATIONAL STANDARD BOOK NUMBER
ISBN 0130978868 (pbk.)
050 00 - LIBRARY OF CONGRESS CALL NUMBER
Classification number PE1441
100 1# - MAIN ENTRY--AUTHOR NAME
Personal name Winkler, Anthony C.
245 10 - TITLE STATEMENT
Title Writing talk.
250 ## - EDITION STATEMENT
Edition statement 3rd ed.
260 ## - PUBLICATION, DISTRIBUTION, ETC. (IMPRINT)
Place of publication Upper Saddle River, N.J. :
Name of publisher Prentice Hall,
Year of publication c2003.
300 ## - PHYSICAL DESCRIPTION
Number of Pages xvi, 603 p. :
Other physical details ill. ;
500 ## - GENERAL NOTE
General note Includes index.
650 #0 - SUBJECT ADDED ENTRY--TOPICAL TERM
Topical Term English language
Topical Term English language
Topical Term English language
Topical Term Report writing
Topical Term College readers.
700 1# - ADDED ENTRY--PERSONAL NAME
Personal name McCuen, Jo Ray,
942 ## - ADDED ENTRY ELEMENTS (KOHA)
Koha item type Books
Holdings
Koha item type Collection code Shelving location Accession Number Permanent Location Current Location Date acquired Full call number
BooksLendingLending0915Chapman LibraryChapman Library2016-03-03PE1441win
BooksLendingLending0916Chapman LibraryChapman Library2016-03-03PE1441win


CSUC Chapman Library is a Koha Automated Library.


Contact us: library@csuc.edu.gh.